[Event "Oberliga Nord W 1819"]
[Site "Germany"]
[Date "2019.02.24"]
[Round "7.6"]
[White "Virag, Attila Aba"]
[Black "Usachyi, Vladimir"]
[Result "1/2-1/2"]
[WhiteElo "2248"]
[BlackElo "2123"]
[PlyCount "93"]
[EventDate "2018.10.21"]
[EventType "team-tourn"]
[EventRounds "9"]
[EventCountry "GER"]
[SourceTitle "EXT 2020"]
[Source "ChessBase"]
[SourceDate "2019.10.17"]
[SourceVersion "1"]
[SourceVersionDate "2019.10.17"]
[SourceQuality "1"]
[WhiteTeam "Lister Turm"]
[BlackTeam "Hannover"]
[WhiteTeamCountry "GER"]
[BlackTeamCountry "GER"]

1. e4 d6 2. d4 c6 3. Nc3 Nd7 4. f3 Ngf6 5. Nh3 e5 6. Be3 Be7 7. Nf2 0-0 8. Be2 Ne8 9. Qd2 b5 10. a3 a6 11. 0-0 Qc7 12. f4 Bb7 13. Kh1 Rd8 14. Rad1 c5 15. dxe5 dxe5 16. Nd5 Bxd5 17. exd5 exf4 18. Bxf4 Bd6 19. Ne4 Bxf4 20. Qxf4 Qxf4 21. Rxf4 Nef6 22. Kg1 Nxe4 23. Rxe4 Nf6 24. Re5 c4 25. d6 Rfe8 26. Rxe8+ Nxe8 27. d7 Nf6 28. Rd6 Rxd7 29. Rxa6 Kf8 30. Rb6 Rd2 31. Bf3 Rxc2 32. Rxb5 Ke7 33. a4 c3 34. bxc3 Rxc3 35. a5 Ra3 36. Kf2 Ne8 37. Rb7+ Kd6 38. Rb6+ Kc7 39. Rc6+ Kd7 40. Rc5 Kd6 41. Rf5 Ke6 42. Rc5 Kd6 43. Rc8 Nc7 44. Rd8+ Ke7 45. Rc8 Na6 46. Ra8 Rxa5 47. Kg3 1/2-1/2

[Event "Oberliga Nord W 1314"]
[Site "Germany"]
[Date "2013.11.24"]
[Round "3.5"]
[White "Cordes, Klaus"]
[Black "Usachyi, Vladimir"]
[Result "1-0"]
[WhiteElo "2241"]
[BlackElo "2124"]
[PlyCount "27"]
[EventDate "2013.10.13"]
[EventType "team-tourn"]
[EventRounds "9"]
[EventCountry "GER"]
[SourceTitle "EXT 2015"]
[Source "ChessBase"]
[SourceDate "2014.11.20"]
[SourceVersion "1"]
[SourceVersionDate "2014.11.20"]
[SourceQuality "1"]
[WhiteTeam "Lister Turm"]
[BlackTeam "Hannover"]
[WhiteTeamCountry "GER"]
[BlackTeamCountry "GER"]

1. Nf3 g6 2. c4 Bg7 3. Nc3 e5 4. d4 exd4 5. Bg5 Ne7 6. Nd5 Nbc6 7. Nxd4 h6 8. Nxc6 dxc6 9. Bxe7 Qd7 10. Nf6+ Bxf6 11. Qxd7+ Bxd7 12. Bxf6 0-0 13. e4 Rae8 14. e5 1-0

[Event "Oberliga Nord W 1213"]
[Site "Germany"]
[Date "2012.11.11"]
[Round "2.6"]
[White "Boer, Alef"]
[Black "Usachyi, Vladimir"]
[Result "1/2-1/2"]
[WhiteElo "2154"]
[BlackElo "2143"]
[PlyCount "66"]
[EventDate "2012.10.14"]
[EventType "team-tourn"]
[EventRounds "9"]
[EventCountry "GER"]
[SourceTitle "EXT 2014"]
[Source "ChessBase"]
[SourceDate "2013.11.20"]
[SourceVersion "1"]
[SourceVersionDate "2013.11.20"]
[SourceQuality "1"]
[WhiteTeam "Esens"]
[BlackTeam "Hannover"]
[WhiteTeamCountry "GER"]
[BlackTeamCountry "GER"]

1. c4 d6 2. g3 c6 3. Bg2 e5 4. Nc3 Nf6 5. d4 Nbd7 6. e4 Be7 7. Nge2 Qc7 8. 0-0 0-0 9. h3 Re8 10. Be3 Nf8 11. d5 Bd7 12. Rc1 c5 13. Qd3 a6 14. a4 Reb8 15. f4 Ng6 16. f5 Nf8 17. Ra1 b6 18. g4 Ne8 19. g5 f6 20. gxf6 Nxf6 21. Rfb1 Rb7 22. Ng3 Rab8 23. b4 Be8 24. Bf3 N8d7 25. b5 a5 26. Kh2 Bf7 27. Rg1 Kh8 28. Ra2 Rg8 29. Rag2 Qd8 30. Nd1 Qe8 31. Qe2 Nf8 32. Nf2 h6 33. Qd2 N8h7 1/2-1/2

[Event "Oberliga Nord W 1011"]
[Site "Germany"]
[Date "2011.04.10"]
[Round "9.6"]
[White "Barlag, Christoph"]
[Black "Usachyi, Vladimir"]
[Result "1-0"]
[WhiteElo "2141"]
[BlackElo "2204"]
[PlyCount "75"]
[EventDate "2010.10.10"]
[EventType "team-tourn"]
[EventRounds "9"]
[EventCountry "GER"]
[SourceTitle "EXT 2012"]
[Source "ChessBase"]
[SourceDate "2011.11.24"]
[SourceVersion "1"]
[SourceVersionDate "2011.11.24"]
[SourceQuality "1"]
[WhiteTeam "Braunschweig Gliesmarode"]
[BlackTeam "Hannover PSC"]
[WhiteTeamCountry "GER"]
[BlackTeamCountry "GER"]

1. c4 e5 2. g3 c6 3. d4 exd4 4. Qxd4 d6 5. Bg2 Qf6 6. Be3 Be6 7. Nd2 Be7 8. Rd1 Qxd4 9. Bxd4 Nf6 10. b3 Nbd7 11. Nh3 a5 12. Nf4 a4 13. b4 0-0 14. 0-0 d5 15. cxd5 Bxd5 16. Nxd5 Nxd5 17. a3 Bf6 18. Ne4 Bxd4 19. Rxd4 N7b6 20. Rc1 Nc7 21. Nd6 Rab8 22. e3 g6 23. Bf1 Rfd8 24. Rcd1 Nbd5 25. Ne4 Kg7 26. Nc5 Re8 27. R4d3 Nb5 28. Rxd5 Nxa3 29. Rd7 b5 30. R7d2 Nc4 31. Bxc4 bxc4 32. Nxa4 Rxb4 33. Nc3 Reb8 34. Rc1 Rb2 35. Rxb2 Rxb2 36. Ne4 h5 37. h4 Rb4 38. Nd6 1-0

[Event "Oberliga Nord W 0910"]
[Site "Germany"]
[Date "2010.02.07"]
[Round "6.8"]
[White "Usachyi, Vladimir"]
[Black "Schaar, Andreas"]
[Result "1/2-1/2"]
[WhiteElo "2207"]
[BlackElo "1975"]
[PlyCount "83"]
[EventDate "2009.10.18"]
[EventType "team-tourn"]
[EventRounds "9"]
[EventCountry "GER"]
[SourceTitle "EXT 2011"]
[Source "ChessBase"]
[SourceDate "2010.11.26"]
[SourceVersion "1"]
[SourceVersionDate "2010.11.26"]
[SourceQuality "1"]
[WhiteTeam "Hannover PSC"]
[BlackTeam "Nordhorn Blanke"]
[WhiteTeamCountry "GER"]
[BlackTeamCountry "GER"]

1. d4 d5 2. c4 e6 3. Nc3 Nf6 4. Bg5 c6 5. e3 Nbd7 6. Nf3 Qa5 7. Nd2 Bb4 8. Bxf6 Nxf6 9. Qc1 0-0 10. a3 Bxc3 11. Qxc3 Qxc3 12. bxc3 Re8 13. cxd5 exd5 14. Bd3 Ne4 15. Rc1 Bf5 16. Nxe4 Bxe4 17. Bxe4 Rxe4 18. Kd2 b5 19. Rc2 Rae8 20. g3 f5 21. h4 g6 22. a4 a6 23. axb5 axb5 24. Ra1 h6 25. Ra7 R8e7 26. Ra8+ Re8 27. Rca2 Rxa8 28. Rxa8+ Kf7 29. Rc8 Re6 30. Rc7+ Kf6 31. f4 h5 32. Kd3 Rd6 33. Kc2 Re6 34. Kd2 Rd6 35. Ke2 Re6 36. Kf3 Rd6 37. Kg2 Re6 38. Kf2 Rd6 39. Ke1 Re6 40. Kd2 Rd6 41. Kc2 Re6 42. Kd3 1/2-1/2

[Event "Oberliga Nord W 0809"]
[Site "Germany"]
[Date "2009.01.18"]
[Round "5.4"]
[White "Issing, Peter"]
[Black "Usachyi, Vladimir"]
[Result "1-0"]
[WhiteElo "2273"]
[BlackElo "2219"]
[PlyCount "65"]
[EventDate "2008.10.05"]
[EventType "team-tourn"]
[EventRounds "9"]
[EventCountry "GER"]
[SourceTitle "EXT 2010"]
[Source "ChessBase"]
[SourceDate "2010.11.25"]
[SourceVersion "1"]
[SourceVersionDate "2010.11.25"]
[SourceQuality "1"]
[WhiteTeam "Bremer SG"]
[BlackTeam "Hannover PSC"]
[WhiteTeamCountry "GER"]
[BlackTeamCountry "GER"]

1. Nf3 g6 2. d4 Bg7 3. c4 c5 4. d5 b5 5. e4 bxc4 6. Bxc4 d6 7. 0-0 Qb6 8. Nc3 Nd7 9. Qe2 Ngf6 10. h3 0-0 11. Bg5 h6 12. Bd2 Qc7 13. Rfe1 Nb6 14. Bd3 e5 15. dxe6 Bxe6 16. Rad1 Rfe8 17. Bf4 Bd7 18. Qd2 Kh7 19. e5 dxe5 20. Nxe5 Qb7 21. Be2 Ne4 22. Nxe4 Bxe5 23. Bxe5 Rxe5 24. Nf6+ Kg7 25. Nxd7 Nxd7 26. Qxd7 Qxb2 27. Bf3 Rxe1+ 28. Rxe1 Rf8 29. Qd5 Qb4 30. Re7 c4 31. Qe5+ Kg8 32. Rb7 Qd2 33. Bd5 1-0

[Event "Hannover-ch C/D"]
[Site "Lehrte"]
[Date "2008.10.11"]
[Round "1"]
[White "Usachyi, Vladimir"]
[Black "Roehrkasten, Reinhard"]
[Result "1/2-1/2"]
[WhiteElo "2137"]
[BlackElo "1899"]
[PlyCount "80"]
[EventDate "2008.10.11"]
[EventType "swiss"]
[EventRounds "7"]
[EventCountry "GER"]
[SourceTitle "EXT 2021"]
[Source "ChessBase"]
[SourceDate "2020.10.23"]
[SourceVersion "1"]
[SourceVersionDate "2020.10.23"]
[SourceQuality "1"]

1. d4 d5 2. c4 e6 3. Nc3 Nf6 4. Bg5 Nbd7 5. e3 Be7 6. Nf3 0-0 7. Bd3 dxc4 8. Bxc4 c5 9. 0-0 a6 10. a4 cxd4 11. Nxd4 Qa5 12. Bh4 Nb6 13. Bd3 Qb4 14. Qc2 Bd7 15. Bxf6 Bxf6 16. Bxh7+ Kh8 17. Be4 Nc4 18. Qe2 Rfc8 19. Na2 Qb6 20. b3 Nd6 21. Qh5+ Kg8 22. a5 Qc5 23. Qh7+ Kf8 24. b4 Qe5 25. Bd3 Ke7 26. Qh3 Rh8 27. Qg3 Qxg3 28. hxg3 e5 29. Nb3 e4 30. Be2 Bxa1 31. Rxa1 Rh6 32. f4 Rah8 33. Kf2 Rh1 34. Rxh1 Rxh1 35. Nc3 Be6 36. Nc5 f5 37. Bf1 Bf7 38. g4 g6 39. gxf5 gxf5 40. g4 fxg4 1/2-1/2

[Event "Oberliga Nord W 0708"]
[Site "Germany"]
[Date "2008.03.09"]
[Round "7.7"]
[White "Usachyi, Vladimir"]
[Black "Kapitza, Mathias"]
[Result "1-0"]
[WhiteElo "2190"]
[BlackElo "2039"]
[PlyCount "63"]
[EventDate "2007.10.21"]
[EventType "team-tourn"]
[EventRounds "9"]
[EventCountry "GER"]
[SourceTitle "EXT 2009"]
[Source "ChessBase"]
[SourceDate "2008.11.26"]
[SourceVersion "1"]
[SourceVersionDate "2008.11.26"]
[SourceQuality "1"]
[WhiteTeam "Hannover PSC"]
[BlackTeam "Melle III"]
[WhiteTeamCountry "GER"]
[BlackTeamCountry "GER"]

1. d4 d5 2. c4 e6 3. Nc3 Nf6 4. Bg5 Be7 5. e3 0-0 6. Bxf6 Bxf6 7. cxd5 exd5 8. b4 Bf5 9. Qb3 c6 10. Be2 Nd7 11. Nf3 b5 12. a4 bxa4 13. Nxa4 Qe7 14. Nc5 Nxc5 15. bxc5 Rfb8 16. Qa4 Qc7 17. Ba6 Rb2 18. 0-0 Rab8 19. Rfc1 g5 20. Bf1 R8b7 21. Ne1 h5 22. Nd3 Bxd3 23. Bxd3 Rd2 24. Rd1 Rxd1+ 25. Qxd1 a5 26. Qxh5 Rb2 27. Qh6 Bd8 28. Rxa5 Rd2 29. Bh7+ Kh8 30. Bf5+ Kg8 31. g3 Qb7 32. Ra8 1-0

[Event "Hannover Region-ch"]
[Site "Hannover"]
[Date "2008.02.13"]
[Round "4"]
[White "Usachyi, Vladimir"]
[Black "Hantak, Adam"]
[Result "0-1"]
[WhiteElo "2114"]
[BlackElo "2029"]
[PlyCount "106"]
[EventDate "2008.01.12"]
[EventType "swiss"]
[EventRounds "7"]
[EventCountry "GER"]
[SourceTitle "EXT 2021"]
[Source "ChessBase"]
[SourceDate "2020.10.23"]
[SourceVersion "1"]
[SourceVersionDate "2020.10.23"]
[SourceQuality "1"]

1. d4 e6 2. c4 Nf6 3. Nc3 d5 4. Bg5 Be7 5. e3 0-0 6. Bxf6 Bxf6 7. cxd5 exd5 8. b4 g6 9. Qb3 c6 10. Bd3 Re8 11. Nge2 Nd7 12. 0-0 Nf8 13. b5 Be7 14. Rfc1 Ne6 15. bxc6 bxc6 16. Na4 Bd7 17. Qc3 Bd6 18. Nc5 Nxc5 19. dxc5 Be5 20. Nd4 Qc7 21. g3 h5 22. f4 Bf6 23. Qd2 Re7 24. Rab1 Rae8 25. Nc2 Kg7 26. Re1 Bg4 27. Kg2 Qd7 28. Rb4 h4 29. f5 h3+ 30. Kg1 Bxf5 31. Bxf5 Qxf5 32. Rf4 Qd7 33. Ref1 Bg5 34. Qd4+ Kg8 35. R4f3 Re4 36. Qc3 R8e7 37. Rb1 Bh6 38. Rb8+ Re8 39. Rxe8+ Qxe8 40. Kf2 Rc4 41. Qd2 Rxc5 42. Nd4 Rc4 43. g4 c5 44. Nf5 gxf5 45. Qxd5 Rc2+ 46. Kg3 fxg4 47. Rf5 Qxe3+ 48. Kh4 Qe6 49. Qd8+ Kg7 50. Qd3 Rc4 51. Qb1 Bd2 52. Qb2+ Rd4 53. Rxc5 Be1+ 0-1

[Event "Hannover-ch C/D"]
[Site "Bueckeburg"]
[Date "2007.11.02"]
[Round "3"]
[White "Plischki, Sebastian"]
[Black "Usachyi, Vladimir"]
[Result "1-0"]
[WhiteElo "2338"]
[BlackElo "2111"]
[PlyCount "141"]
[EventDate "2007.11.01"]
[EventType "swiss"]
[EventRounds "7"]
[EventCountry "GER"]
[SourceTitle "EXT 2021"]
[Source "ChessBase"]
[SourceDate "2020.10.23"]
[SourceVersion "1"]
[SourceVersionDate "2020.10.23"]
[SourceQuality "1"]

1. d4 d6 2. Nf3 Nf6 3. c4 Nbd7 4. Nc3 c6 5. e4 e5 6. Be2 Be7 7. 0-0 0-0 8. Qc2 Qc7 9. Rd1 Re8 10. Be3 Nf8 11. h3 Ne6 12. d5 Nf8 13. Rac1 a5 14. Qb1 Bd7 15. dxc6 bxc6 16. c5 dxc5 17. Na4 Ne6 18. Nxc5 Nxc5 19. Bxc5 h6 20. Bxe7 Rxe7 21. Nd2 a4 22. Qc2 Qa7 23. Nc4 Ne8 24. Ne3 Be6 25. Bc4 Nc7 26. Bxe6 Rxe6 27. Rd7 Rc8 28. Nd5 Kf8 29. Nxc7 Rxc7 30. Rxc7 Qxc7 31. Qxa4 Ke7 32. Qc4 Qb6 33. Qc5+ Qxc5 34. Rxc5 Kd6 35. b4 Re7 36. Ra5 Rb7 37. a3 g6 38. Kf1 f5 39. exf5 gxf5 40. Ke2 Rf7 41. Ke3 h5 42. f4 e4 43. Rc5 h4 44. Kd4 Rg7 45. Rxf5 Rxg2 46. Kxe4 Rg3 47. a4 Rxh3 48. Rf6+ Kd7 49. b5 cxb5 50. axb5 Rb3 51. b6 h3 52. Rh6 h2 53. Kf5 Rb5+ 54. Kg4 Rxb6 55. Rxh2 Rb5 56. Re2 Ra5 57. f5 Ra4+ 58. Kg5 Ra5 59. Kg6 Ra6+ 60. f6 Ra1 61. Kg7 Rg1+ 62. Kf8 Rf1 63. f7 Rg1 64. Rd2+ Kc7 65. Rd4 Rg2 66. Ke7 Re2+ 67. Kf6 Rf2+ 68. Ke6 Kc6 69. Rc4+ Kb5 70. Rc8 Re2+ 71. Kd5 1-0

[Event "Oberliga Nord W 0708"]
[Site "Germany"]
[Date "2007.10.21"]
[Round "1.7"]
[White "Fehsenfeld, Frithjof"]
[Black "Usachyi, Vladimir"]
[Result "0-1"]
[WhiteElo "2146"]
[BlackElo "2190"]
[PlyCount "66"]
[EventDate "2007.10.21"]
[EventType "team-tourn"]
[EventRounds "9"]
[EventCountry "GER"]
[SourceTitle "EXT 2009"]
[Source "ChessBase"]
[SourceDate "2008.11.26"]
[SourceVersion "1"]
[SourceVersionDate "2008.11.26"]
[SourceQuality "1"]
[WhiteTeam "Delmenhorst"]
[BlackTeam "Hannover PSC"]
[WhiteTeamCountry "GER"]
[BlackTeamCountry "GER"]

1. d4 d6 2. Nf3 Nf6 3. h3 Nbd7 4. c4 c6 5. Bf4 Qa5+ 6. Qd2 Qxd2+ 7. Nbxd2 c5 8. e3 g6 9. Bd3 Bg7 10. g4 h6 11. 0-0-0 0-0 12. Rdg1 Re8 13. Bxh6 Bxh6 14. g5 Bg7 15. gxf6 Nxf6 16. Ng5 Rd8 17. d5 b5 18. e4 bxc4 19. Nxc4 Nh5 20. Na5 Bd7 21. b3 Nf4 22. Bc4 Bh6 23. Kc2 Bxg5 24. Rxg5 Nxh3 25. Rg2 Kg7 26. Nc6 Re8 27. Rgh2 Ng5 28. e5 Bxc6 29. dxc6 dxe5 30. Ba6 Ne6 31. Rh7+ Kf6 32. R1h3 Ng5 33. c7 Nxh7 0-1

[Event "Oberliga Nord W 0607"]
[Site "Germany"]
[Date "2007.04.22"]
[Round "9.6"]
[White "Usachyi, Vladimir"]
[Black "Cordes, Klaus"]
[Result "0-1"]
[WhiteElo "2183"]
[BlackElo "2242"]
[PlyCount "112"]
[EventDate "2006.10.15"]
[EventType "team-tourn"]
[EventRounds "9"]
[EventCountry "GER"]
[SourceTitle "EXT 2008"]
[Source "ChessBase"]
[SourceDate "2007.11.25"]
[SourceVersion "1"]
[SourceVersionDate "2007.11.25"]
[SourceQuality "1"]
[WhiteTeam "Hannover PSC"]
[BlackTeam "Hannover Post"]
[WhiteTeamCountry "GER"]
[BlackTeamCountry "GER"]

1. d4 Nf6 2. c4 g6 3. Nc3 Bg7 4. e4 d6 5. f4 0-0 6. Nf3 c5 7. dxc5 Qa5 8. Bd3 Qxc5 9. Qe2 Nc6 10. Be3 Qa5 11. 0-0 Bg4 12. Rac1 Nd7 13. Qf2 Bxf3 14. Qxf3 Rfc8 15. Qf2 Nb4 16. Bb1 Nc5 17. Rfd1 Na4 18. Nd5 Nxd5 19. Rxd5 Qa6 20. e5 Rxc4 21. Rcd1 Nb6 22. R5d2 Rc6 23. b3 Nc8 24. Bd3 Qa3 25. Be4 Rc7 26. Rd4 Qa5 27. Rd5 Qb4 28. Bd3 Nb6 29. Rb5 Qc3 30. Be4 Rac8 31. h3 dxe5 32. f5 gxf5 33. Bxf5 e6 34. Bxh7+ Kh8 35. Bd3 f5 36. Bxb6 axb6 37. Bc4 Rc6 38. Qh4+ Kg8 39. Rd8+ Rxd8 40. Qxd8+ Kf7 41. Qg5 Qd4+ 42. Kh1 Qf2 43. Qh5+ Kf8 44. Qe2 Qf4 45. Qf3 Qc1+ 46. Kh2 Rd6 47. Be2 Bh6 48. g3 e4 49. Rxf5+ exf5 50. Qxf5+ Ke7 51. Qxe4+ Kd8 52. Qh4+ Qg5 53. Qb4 Qc5 54. Qh4+ Bg5 55. Qh8+ Kc7 56. Bg4 Qf2+ 0-1

[Event "Oberliga Nord W 0506"]
[Site "Germany"]
[Date "2006.03.12"]
[Round "8.3"]
[White "Schuette, Marc"]
[Black "Usachyi, Vladimir"]
[Result "1-0"]
[WhiteElo "2189"]
[BlackElo "2216"]
[PlyCount "137"]
[EventDate "2005.10.23"]
[EventType "team-tourn"]
[EventRounds "9"]
[EventCountry "GER"]
[SourceTitle "CBM 111 Extra"]
[Source "ChessBase"]
[SourceDate "2006.05.09"]
[SourceVersion "1"]
[SourceVersionDate "2006.05.09"]
[SourceQuality "1"]
[WhiteTeam "Oldenburg Union"]
[BlackTeam "Hannover PSC"]
[WhiteTeamCountry "GER"]
[BlackTeamCountry "GER"]

1. Nc3 Nf6 2. d4 d6 3. Nf3 Nbd7 4. e4 e5 5. Bc4 h6 6. h3 c6 7. a4 Be7 8. 0-0 0-0 9. Re1 Nh7 10. a5 Ng5 11. Nxg5 Bxg5 12. dxe5 Nxe5 13. Bb3 Qf6 14. Bxg5 hxg5 15. Qh5 g4 16. hxg4 Bxg4 17. Qh2 g5 18. Qg3 Kg7 19. f3 Be6 20. Ra3 Rh8 21. Ne2 Nc4 22. Bxc4 Bxc4 23. Re3 Rae8 24. Rd1 Bxe2 25. Rxe2 Re5 26. Red2 Rxa5 27. b4 Ra1 28. Qxd6 Rxd1+ 29. Rxd1 Re8 30. Kf2 Re6 31. Qd4 Re5 32. Qd8 Qxd8 33. Rxd8 a5 34. bxa5 Rxa5 35. Rd7 b6 36. Rb7 Rc5 37. Rxb6 Rxc2+ 38. Kg3 c5 39. Rc6 c4 40. Kh3 c3 41. g3 Rc1 42. Kg4 f6 43. Kf5 c2 44. Rc7+ Kg8 45. Kg6 Kf8 46. Kxf6 Ke8 47. Kf5 Rf1 48. Rxc2 Rxf3+ 49. Kg4 Rf1 50. Rc3 Ke7 51. Rf3 Rg1 52. Kf5 Rg2 53. g4 Rg1 54. Kxg5 Ke6 55. Rf8 Ke7 56. Rf2 Ke6 57. Kh5 Ke5 58. g5 Kxe4 59. Kh6 Ke5 60. g6 Rh1+ 61. Kg7 Ke6 62. Re2+ Kd7 63. Kg8 Rh3 64. g7 Rh1 65. Re4 Rf1 66. Kh7 Rh1+ 67. Kg6 Rg1+ 68. Kf6 Rg2 69. Re5 1-0